LEADER 01097nam a2200217 i 4500 001 000000023184 003 CaOOAMICUS 005 20180830125446.0 008 180830s1912 it u000 u ita u 040 $aSeMil$bita 100 1 $aLe Camus, Émile,$d<1839-1906>.$0(OLS)http://semarc/name/4082 245 12$aL'opera degli apostoli /$cÉ. Le Camus. 260 $aBrescia :$bQueriniana,$c1912. 300 $a3 v. ;$c22 cm. 650 4$aCristianesimo - Origini.$0(OLS)http://semarc/subject/1287 650 4$aChiesa primitiva e delle origini - Storia.$0(OLS)http://semarc/subject/3546 774 0 $aLe Camus, Émile <1839-1906>$tFondazione della chiesa cristiana.$dBrescia : Queriniana, 1912.$g1$w()187820 774 0 $aLe Camus, Émile <1839-1906>$tDiffusione della chiesa cristiana.$dBrescia : Queriniana, 1912.$g2$w()187821 774 0 $aLe Camus, Émile <1839-1906>$tDiffusione della chiesa cristiana.$dBrescia : Queriniana, 1912.$g3$w()187822 996 $6245$aL'opera degli apostoli$9(OLS)http://semarc/title/31080 996 $6260$aBrescia :$bQueriniana$9(OLS)http://semarc/publisher/29615 LEADER 03595nas a2200373 i 4500 001 000000002756 003 CaOOAMICUS 005 20260216153417.0 008 180830n fr uu u0 0und r 040 $aSeMil$bita 245 10$aCollection de bibliographie classique :$bbibliographie critique et analytique de l'antiquité gréco-latine /$cpubliée par la Société Internationale de Bibliographie Classique ; fondée par J. Marouzeau ; publication couronnée par l'Académie des Inscriptions et Belles Lettres, publiée avec le concours du Centre National de la Recherche Scientifique, Paris ... [et al.]. 260 $aParis :$bLes Belles Lettres,$c[19--] 700 1 $aSociété Internationale de Bibliographie Classique .$0(OLS)http://semarc/name/1661 700 1 $aMarouzeau, Jules <1878-1964>.$0(OLS)http://semarc/name/1659 710 2 $aCNRS .$0(OLS)http://semarc/name/1698 774 0 $tAnnée Philologique.$dParis : Les Belles Lettres $x0184-6949$g[sez.] 3.$w()1848 774 0 $tBibliographie de l'Année 2003 et compléments d'années antérieures.$dParis : Les Belles Lettres, 2005.$z2-9518149-3-3$w()107950 774 0 $t[Annate 1990-1992].$w()129763 774 0 $tBibliographie de l'Année 2002 et compléments d'années antérieures.$dParis : Société Internationale de Bibliographie Classique, 2004.$w()129764 774 0 $tBibliographie de l'Année 1993 et compléments d'années antérieures.$dParis : Société Internationale de Bibliographie Classique, 1996.$w()143695 774 0 $tBibliographie de l'Année 2004 et compléments d'années antérieures.$dParis : Société Internationale de Bibliographie Classique, 2006.$w()152779 774 0 $tBibliographie de l'Année 1994 et compléments d'années antérieures.$dParis : Société Internationale de Bibliographie Classique, 2001.$w()153285 774 0 $tBibliographie de l'Année 1995 et compléments d'années antérieures.$dParis : Société Internationale de Bibliographie Classique, 1998.$w()164269 774 0 $tBibliographie de l'Année 2005 et compléments d'années antérieures.$dParis : Société Internationale de Bibliographie Classique, 2007.$w()163959 774 0 $tBibliographie de l'Année 1996 et compléments d'années antérieures.$dParis : Société Internationale de Bibliographie Classique, 1999.$w()175010 774 0 $tBibliographie de l'Année 1997 et compléments d'années antérieures.$dParis : Société Internationale de Bibliographie Classique, 1999.$w()182302 774 0 $tBibliographie de l'Année 1998 et compléments d'années antérieures.$dParis : Société Internationale de Bibliographie Classique, 2000.$w()194439 774 0 $tBibliographie de l'Année 2006 et compléments d'années antérieures.$dParis : Société Internationale de Bibliographie Classique, 2008.$w()174835 774 0 $tBibliographie de l'Année 2000 et compléments d'années antérieures.$dParis : Société Internationale de Bibliographie Classique, 2002.$w()216345 774 0 $tBibliographie de l'Année 1999 et compléments d'années antérieures.$dParis : Société Internationale de Bibliographie Classique, 2001.$w()206902 774 0 $tBibliographie de l'Année 2001 et compléments d'années antérieures.$dParis : Société Internationale de Bibliographie Classique, 2003.$w()222931 996 $6245$aCollection de bibliographie classique :$bbibliographie critique et analytique de l'antiquité gréco-latine$9(OLS)http://semarc/title/4679 996 $6260$aParis :$bLes Belles Lettres$9(OLS)http://semarc/publisher/30422